| 000 | 00745cam a2200241 4500 | ||
|---|---|---|---|
| 999 |
_c2681 _d2681 |
||
| 001 | 1359444 | ||
| 003 | OSt | ||
| 005 | 20181017162902.0 | ||
| 008 | 750529s1952 nyu 000 0 eng u | ||
| 010 | _a52007048 | ||
| 040 |
_cORL _dm.c. _dOCL _dKSU _dUtOrBLW |
||
| 050 | 0 |
_aPN6110.J4 _bC6 |
|
| 082 | 0 |
_a821 _a232.9 _bC592C |
|
| 100 | 1 |
_aClark, Thomas Curtis, _d1877-1953, _eeditor |
|
| 245 | 1 | 0 |
_aChrist in poetry ; _ban anthology compiled and edited by Thomas Curtis Clark and Hazel Davis Clark |
| 264 | 1 |
_aNew York : _bAssociation Press, _c[1952] |
|
| 300 |
_a412 pages ; _c19 cm |
||
| 336 |
_atext _btxt _2rdacontent |
||
| 337 |
_aunmediated _bn _2rdamedia |
||
| 338 |
_avolume _bnc _2rdacarrier |
||
| 600 | 0 | 0 |
_aJesus Christ _vPoetry |
| 942 |
_2ddc _cBK |
||